000 00550nam a22002417a 4500
003 UA-OsUOA
001 35969
007 ta
008 20060110b un ||||| |||| 00| 0 ukr d
100 _aГикиш Л. В.
090 _a336(075.8)
_bГ46
942 _cBK
040 _aUA-OsUOA
_brus
_cUA-OsUOA
_dUA-OsUOA
245 _aФинансы
300 _a89 с.
955 _a2
041 _arus
080 _a336(075.8)
020 _a966-608-113-Х
260 _aК.
_bМАУП
_c2001
650 7 _a336 Фінанси
_2UDC
999 _c322277
_d322277